000 01488nam a2200265Ia 4500
003 OSt
005 20210511133828.0
008 210310s2011 sp gr 000 0 spa d
020 _a9788434469723
040 _aCO-JMCR
_cCO-JMCR
041 1 _aspa
_heng
082 0 4 _a330.9043 /
_bO772c
_223
100 1 _aOtte, Max
_eautor
_926078
245 1 3 _aLa crisis rompe las reglas :
_bcómo afrontar las nuevas amenazas de la economía mundial /
_cMax Otte , Thomas Helfrich ; traducción de Sergio Polowsky
250 _aPrimera edición
260 _aBarcelona, España :
_bAriel,
_c2011.
300 _a265 páginas ;
_c23 cm.
500 _aDatos biográficos de los autores en solapa frontal.
505 0 _aCrisis económicas 2.0 ¿Dónde estamos?. -- Sobre los cambio en la economía mundial. -- Globalización. -- Sobre la regulación de los mercados de capitales. -- De plagas de langostas y manadas de lobos: los fondos de cobertura. -- Llevar Euros a Atenas: el ataque a nuestra moneda. -- La economía financiera, la economía real y el endeudamiento del estado. -- De políticos y partidos. -- Los directivos y la moral.-- De economistas y políticos. -- La economía de las desinformación. -- Sobre estrategias de la inversión en tiempos de crisis.
650 1 4 _aPolítica comercial
_96253
650 2 4 _aRelaciones Económicas Internacionales
_95216
700 1 _aHelfrich, Thomas,
_eautor
_937554
700 1 _aPolowsky, Sergio,
_etraductor
_937555
942 _2ddc
_cBK
999 _c11648
_d11648